000 00436cam a2200169ua 4500
020 _c1700.00
041 _aeng
_h
082 _a633.08
_bMAL/CR
100 _aMaliwal, G L .
245 _aCrop production with waste water /
_cG L Maliwal.
_hTextual Documents
260 _aUdaypur :
_bAgro-tech publishing academy ,
_c2005.
300 _a599 ; .
365 _a1700.00
504 _a
942 _cBK
999 _c13336
_d13336